000 00485nam a2200181Ia 4500
005 20250508155813.0
008 008 250505s9999 xx 000 0 eng d
037 _aTextual
040 _aFEDL
_beng
_cFEDL
041 _aeng
_2eng
084 _a574, PAL
_qFEDL
100 _aPalframan J B
_9767534
245 0 _aDirect biology
260 _aLondon, UK
_bThomas Nelson and Sons Limited
_c1945
300 _a64p.
942 _cTEXL
_h574, PAL
999 _c1359358
_d1359358